| 000 | 01174cam a2200253 4500 | ||
|---|---|---|---|
| 001 | ABS62946 | ||
| 008 | 000000n2000 000 0 eng u | ||
| 035 | _a(Sirsi) u109150 | ||
| 100 | _aTolson, S. | ||
| 245 | _aAll gas and gaiters | ||
| 260 | _c2000 | ||
| 490 |
_aBuilding _v265(8158) 20 October 2000, 65(1) |
||
| 520 | _aConsiders whether the recent national fuel crisis gives contractors the chance to secure extensions of time on their contracts. Looks in particular at the meaning of 'relevant events', analogous to JCT 1998 cl 25.4.4. Suggests that the fuel crisis does not give contractors the chance to secure extensions, because the truck drivers' actions do not clearly come under 'relevant events'. Close scrutiny suggests that the force majeure clause would also be of no help to contractors. | ||
| 590 | _aABS | ||
| 650 | _aFUEL CRISIS | ||
| 650 | _aCONTRACTORS | ||
| 650 | _aEXTENSIONS OF TIME | ||
| 650 | _aBUILT ENVIRONMENT-BUILDING CONTRACT FORMS | ||
| 650 | _aJCT STANDARD FORM OF BUILDING CONTRACT (1998 EDITION) | ||
| 650 | _aFORCE MAJEURE | ||
| 650 | _aSTRIKES | ||
| 690 | _aBUILT ENVIRONMENT-BUILDING CONTRACT FORMS | ||
| 942 | _n0 | ||
| 999 |
_c65169 _d65169 |
||